000 01367nam a2200337 c 4500
003 BLK
005 20180422095034.0
008 180413b bul|||||r ||||||| ||bul||
010 _aKNG00021356000
020 _a954-8555-49-2
_bиздат.: Албатрос
040 _aBLK
041 _aBUL
_cBUL
080 _aСоциално осигуряване. Работническо осигуряване
_b368.4
_x.000.34(497.2)(075.8)
_z368.4.000.34(497.2)(075.8)
100 1 _aЙосифов, Никола Костов
_eпърви автор
_9364845
139 _aЙосифов, Никола Костов
_bИ 84
245 1 0 _aОсигурително право
_bКурс лекции за студенти юристи
_cНикола Костов Йосифов.
257 _aBGR
260 София
_bАлбатрос
_c1997
_fСофия : Н. Здравков
300 _a216 с.
_c20 см
380 _a3
500 _a500 тир.
650 4 _aОбществено осигуряване - България - правни проблеми
_9247509
653 _aправо
653 _aосигурително право
653 _aобществено осигуряване
852 _aЦб 194862
856 4 _qpdf
_u
856 4 _qpdf
_u
942 _cKNG
_n0
944 _aCR
_c15.01.2003
_kНаталия_Медовщикова
944 _aED
_c21.01.2013
_k
999 _c19249
_d19249